| 000 | 01919nam a2200265 a 4500 | ||
|---|---|---|---|
| 001 | BRCA_8713 | ||
| 005 | 20190320210357.0 | ||
| 008 | 030217s1772----sp-#######---#000-0#spa-# | ||
| 041 | _aspa | ||
| 044 | _asp | ||
| 084 |
_aBE54 _b.V35 1772 |
||
| 100 | 1 |
_aValentín de la Madre de Dios _cPadre Fray _921310 |
|
| 245 | 1 | 0 |
_aFuero de la conciencia _bsegunda parte _csu autor el Padre Fr. Valentín de la Madre de Dios, nuevamente añadido por el Padre Fr. Juan Antonio de San Agustín, y ahora nuevamente aumentado con muchas otras adicciones por el Padre Fr. Julián del Santísimo Sacramento. |
| 260 |
_aMadrid _c1761-62 |
||
| 300 |
_a[6], 531 p. (t.2) _c21 x 15.3 cm |
||
| 500 | _aEstado físico: presenta encuadernación en pergamino con lomo desprendido, hojas manchadas y cintas rotas | ||
| 500 | _aCon marca de fuego: “Procedencia de la marca: Convento de Santa Teresa Jesús de Querétaro (1). Institución: Orden de Carmelitas Descalzos. Provincia de San Alberto de México. Descripción: Variación sobre las armas de la Orden del Monte Carmelo. Un mantel sumado de una cruz patada y cargado de una letra capital Q. Al timbre, corona real abierta. Observaciones: Esta marca conserva tres elementos del escudo carmelita: la cruz, el mantel / monte y la corona de tres florones, simplificación de la de 12 estrellas (sentido místico del Apocalipsis) (2) ---------- En 2006 Fermín Campos sugirió que la inicial Q es la sigla de la palabra ´Querétaro´. Ubicación de la marca en el libro: Portada” | ||
| 650 | 1 | 4 |
_aIglesia católica _xAutores católicos _921311 |
| 650 | 1 | 4 |
_aConciencia _921312 |
| 700 | 1 |
_aJuan Antonio de San Agustín _cPadre Fray _921314 |
|
| 700 | 1 |
_aJulián del Santísimo Sacramento _cPadre Fray _921315 |
|
| 856 | _ahttp://www.marcasdefuego.buap.mx:8180/xmLibris/projects/firebrand/item.jsp?repository=marcas_de_fuego&key=1cac16ac.xml&num=19 | ||
| 902 | _aCFM | ||
| 942 |
_2lcc _cB |
||
| 999 |
_c8365 _d8365 |
||